000 01099cam a22003377a 4500
003 CHAP
005 20220329142743.0
008 030604s1998 us ad r 00010 eng d
010 _a87294
011 _a88266
020 _a0-03-050633-6
020 _a003016723X
035 _a98811
040 _cCHAP
082 0 4 _a574
_bJ6
100 0 0 _aJohnson, George B.
_961822
245 1 0 _aBiology:
_bvisualizing life
_c/por George B. Johnson
260 _aAustin, Texas :
_bHolt, Rinehart ansd Winston,
_cc.1998
300 _a2v. :
_bilus. ; gráfs. ; tablas ; diagramas
500 _av.2 Texas Annotated Teacher's Edition
590 _aBATCH-UPD
_b10
_c20130110
_lUCH01
_h0804
590 _aBATCH-UPD
_b10
_c20130410
_lUCH01
_h0442
590 _aBATCH-UPD
_b10
_c20130914
_lUCH01
_h0635
590 _aCONVERSION
_b10
_c20130109
_lUCH01
_h1348
650 1 4 _aBiología.
_912773
901 _aBK
905 _aMarco A. Mendoza T.
942 _cLIBRO
949 _a574 J6
_bBC
_cLIBRO
_d33724000894291
_eLIBRO
_fv.1
_h103666
_i98811
_si
949 _a574 J6
_bBC
_cLIBRO
_d33724002165058
_eLIBRO
_fv.2
_h103667
_i98811
_si
999 _c87294
_d87294